Silence /
Enregistré dans:
| Auteur principal: | |
|---|---|
| Format: | Sách giấy |
| Langue: | English |
| Publié: |
New York :
Taplinger Publishing Company,
1980.
|
| Sujets: | |
| Tags: |
Ajouter un tag
Pas de tags, Soyez le premier à ajouter un tag!
|
| Thư viện lưu trữ: | Thư viện Trường Đại học Đà Lạt |
|---|
| LEADER | 00690nam a2200301 4500 | ||
|---|---|---|---|
| 001 | DLU110120016 | ||
| 005 | ##20110420 | ||
| 040 | # | # | |a DLU |b vie |
| 041 | # | # | |a eng |
| 044 | # | # | |a vn |
| 082 | # | # | |a 895.63 |b EN-S |
| 100 | # | # | |a Endo, Shusaku. |
| 245 | # | # | |a Silence / |c Shusaku Endo. |
| 260 | # | # | |a New York : |b Taplinger Publishing Company, |c 1980. |
| 300 | # | # | |a xviii, 201 tr. ; |c 21 cm. |
| 653 | # | # | |a Japanese fiction |
| 653 | # | # | |a Japanese literature |
| 923 | # | # | |a 01/2011NN |
| 991 | # | # | |a GT |
| 992 | # | # | |a 0 |
| 994 | # | # | |a KNN |
| 900 | # | # | |a True |
| 911 | # | # | |a Đào Thị Thu Huyền |
| 925 | # | # | |a G |
| 926 | # | # | |a A |
| 927 | # | # | |a SH |
| 980 | # | # | |a Thư viện Trường Đại học Đà Lạt |